10 Plus grandes villes de Bretagne en E - Statistiques

Statistiques générales
  • Ce quiz a été pris 23 fois
    6 depuis la dernière actualisation
  • Le résultat moyen est 3 sur 10
Statistiques - réponses
Population Communes % Correct
2 074 56 Etel
80%
4 008 56 Erdeven
60%
8 606 29 Ergué Gabéric
60%
2 703 35 Etrelles
60%
6 651 56 Elven
40%
3 427 56 Elliant
20%
3 974 22 Erquy
20%
2 186 29 Edern
0%
2 034 35 Ercé près Liffré
0%
3 379 29 Evellys
0%
Aucun quiz correspondant
Distribution des résultats
% des personnes avec chaque résultat
Percentile par nombre de réponses
Votre historique - résultats
Vous n’avez pas pris ce quiz depuis la dernière actualisation